| 000 | 00537nam a22002177a 4500 | ||
|---|---|---|---|
| 003 | Nust | ||
| 005 | 20220228122751.0 | ||
| 008 | 170206b xxu||||| |||| 00| 0 eng d | ||
| 020 | _a978-0-07-110669-6 | ||
| 038 | _akhadija | ||
| 040 | _cc | ||
| 082 |
_a621.3192 _bHAY |
||
| 100 |
_aHayt, William H. _989776 |
||
| 245 |
_aEngineering Circuit Analysis / _cWilliam H. Hayt |
||
| 250 | _a7th ed. | ||
| 260 |
_aBostan : _bMcGraw-Hil, _c2007. |
||
| 300 |
_a856 p. ; _c25 cm. |
||
| 500 | _aPaperback. | ||
| 563 | _aPB | ||
| 942 |
_cBK _2ddc |
||
| 999 |
_c32221 _d32221 |
||